[Event "XLIV Memoriał Szachowy Ludwika Zamenhofa 2025, Grupa A"]
[Site "Białystok, Poland"]
[Date "2025.12.27"]
[Round "1.1"]
[White "Psyk, Radoslaw"]
[Black "Rozycki, Bartlomiej"]
[Result "1-0"]
[TimeControl "90'+30\""]
[WhiteElo "2504"]
[BlackElo "2197"]

1. e4 {[%clk 01:30:54]} {[%emt 00:00:04]} e6 {[%clk 01:30:58]} {[%emt
00:00:05]} 2. d3 {[%clk 01:19:04]} {[%emt 00:12:20]} c5 {[%clk 01:29:04]}
{[%emt 00:02:25]} 3. Nf3 {[%clk 01:15:48]} {[%emt 00:03:45]} Nc6 {[%clk
01:29:18]} {[%emt 00:00:15]} 4. g3 {[%clk 01:15:59]} {[%emt 00:00:19]} d5
{[%clk 01:27:02]} {[%emt 00:02:47]} 5. Qe2 {[%clk 01:15:31]} {[%emt 00:00:58]}
Nf6 {[%clk 01:17:46]} {[%emt 00:09:46]} 6. Bg2 {[%clk 01:10:25]} {[%emt
00:05:35]} Be7 {[%clk 01:13:44]} {[%emt 00:04:34]} 7. O-O {[%clk 00:52:24]}
{[%emt 00:18:30]} O-O {[%clk 01:13:06]} {[%emt 00:01:08]} 8. e5 {[%clk
00:52:49]} {[%emt 00:00:04]} Nd7 {[%clk 01:13:25]} {[%emt 00:00:12]} 9. c4
{[%clk 00:53:06]} {[%emt 00:00:12]} d4 {[%clk 01:07:00]} {[%emt 00:06:56]} 10.
Re1 {[%clk 00:51:45]} {[%emt 00:01:50]} Qc7 {[%clk 01:06:43]} {[%emt 00:00:47]}
11. Bf4 {[%clk 00:50:08]} {[%emt 00:02:08]} b6 {[%clk 01:06:08]} {[%emt
00:01:05]} 12. h4 {[%clk 00:50:14]} {[%emt 00:00:23]} Bb7 {[%clk 01:05:40]}
{[%emt 00:00:58]} 13. h5 {[%clk 00:45:12]} {[%emt 00:05:32]} Kh8 {[%clk
00:59:38]} {[%emt 00:06:33]} 14. Nbd2 {[%clk 00:43:14]} {[%emt 00:02:28]} Rae8
{[%clk 00:57:49]} {[%emt 00:02:19]} 15. Nf1 {[%clk 00:25:03]} {[%emt 00:18:41]}
Qc8 {[%clk 00:58:06]} {[%emt 00:00:13]} 16. N1h2 {[%clk 00:23:55]} {[%emt
00:01:38]} f6 {[%clk 00:57:00]} {[%emt 00:01:36]} 17. exf6 {[%clk 00:23:09]}
{[%emt 00:01:16]} Bxf6 {[%clk 00:57:11]} {[%emt 00:00:20]} 18. g4 {[%clk
00:10:22]} {[%emt 00:13:17]} e5 {[%clk 00:55:11]} {[%emt 00:02:30]} 19. Bg3
{[%clk 00:10:47]} {[%emt 00:00:05]} Qd8 {[%clk 00:54:04]} {[%emt 00:01:37]} 20.
Nd2 {[%clk 00:09:14]} {[%emt 00:02:02]} Qe7 {[%clk 00:52:38]} {[%emt 00:01:56]}
21. Bd5 {[%clk 00:07:38]} {[%emt 00:02:06]} Nd8 {[%clk 00:51:13]} {[%emt
00:01:55]} 22. Bxb7 {[%clk 00:07:11]} {[%emt 00:00:57]} Nxb7 {[%clk 00:51:39]}
{[%emt 00:00:04]} 23. Ne4 {[%clk 00:07:28]} {[%emt 00:00:14]} Nd6 {[%clk
00:49:52]} {[%emt 00:02:17]} 24. Nf3 {[%clk 00:06:17]} {[%emt 00:01:41]} Nf7
{[%clk 00:49:35]} {[%emt 00:00:47]} 25. Kg2 {[%clk 00:05:40]} {[%emt 00:01:06]}
h6 {[%clk 00:47:03]} {[%emt 00:03:03]} 26. a3 {[%clk 00:04:52]} {[%emt
00:01:18]} a5 {[%clk 00:45:30]} {[%emt 00:02:03]} 27. Rab1 {[%clk 00:05:15]}
{[%emt 00:00:11]} Qe6 {[%clk 00:45:18]} {[%emt 00:00:38]} 28. Ng1 {[%clk
00:02:04]} {[%emt 00:03:41]} a4 {[%clk 00:45:02]} {[%emt 00:00:45]} 29. Nh3
{[%clk 00:02:22]} {[%emt 00:00:12]} Qc6 {[%clk 00:44:44]} {[%emt 00:00:48]} 30.
Qf3 {[%clk 00:01:27]} {[%emt 00:01:25]} Bd8 {[%clk 00:44:09]} {[%emt 00:01:06]}
31. Qe2 {[%clk 00:00:38]} {[%emt 00:01:19]} Nd6 {[%clk 00:41:32]} {[%emt
00:03:07]} 32. f3 {[%clk 00:00:54]} {[%emt 00:00:13]} Nxe4 {[%clk 00:41:13]}
{[%emt 00:00:49]} 33. Qxe4 {[%clk 00:00:42]} {[%emt 00:00:43]} Qxe4 {[%clk
00:40:17]} {[%emt 00:01:25]} 34. Rxe4 {[%clk 00:01:06]} {[%emt 00:00:07]} Bc7
{[%clk 00:32:27]} {[%emt 00:08:20]} 35. Re2 {[%clk 00:00:52]} {[%emt 00:00:43]}
b5 {[%clk 00:30:39]} {[%emt 00:02:18]} 36. Rc1 {[%clk 00:00:31]} {[%emt
00:00:52]} Rb8 {[%clk 00:29:13]} {[%emt 00:01:56]} 37. Nf2 {[%clk 00:00:50]}
{[%emt 00:00:11]} b4 {[%clk 00:29:18]} {[%emt 00:00:25]} 38. Ra1 {[%clk
00:01:07]} {[%emt 00:00:13]} Rf6 {[%clk 00:24:02]} {[%emt 00:05:46]} 39. axb4
{[%clk 00:00:53]} {[%emt 00:00:44]} Rxb4 {[%clk 00:24:29]} {[%emt 00:00:03]} 40.
Ra2 {[%clk 00:00:32]} {[%emt 00:00:51]} Ra6 {[%clk 00:24:08]} {[%emt 00:00:50]}
41. Rd2 {[%clk 00:00:39]} {[%emt 00:00:23]} Rb3 {[%clk 00:24:01]} {[%emt
00:00:38]} 42. Kf1 {[%clk 00:00:52]} {[%emt 00:00:16]} Kg8 {[%clk 00:22:36]}
{[%emt 00:01:55]} 43. Ke2 {[%clk 00:01:08]} {[%emt 00:00:14]} Bd8 {[%clk
00:21:54]} {[%emt 00:01:12]} 44. Ne4 {[%clk 00:01:28]} {[%emt 00:00:10]} Bg5
{[%clk 00:21:44]} {[%emt 00:00:40]} 45. Rc2 {[%clk 00:01:22]} {[%emt 00:00:36]}
Kf7 {[%clk 00:19:21]} {[%emt 00:02:54]} 46. Be1 {[%clk 00:01:15]} {[%emt
00:00:37]} Bf4 {[%clk 00:16:16]} {[%emt 00:03:35]} 47. Ra1 {[%clk 00:00:31]}
{[%emt 00:01:14]} Ke6 {[%clk 00:15:36]} {[%emt 00:01:09]} 48. Ra2 {[%clk
00:00:49]} {[%emt 00:00:13]} Ra8 {[%clk 00:15:26]} {[%emt 00:00:40]} 49. Bh4
{[%clk 00:00:40]} {[%emt 00:00:39]} Be3 {[%clk 00:13:50]} {[%emt 00:02:05]} 50.
Bg3 {[%clk 00:00:58]} {[%emt 00:00:13]} Ra6 {[%clk 00:13:45]} {[%emt 00:00:36]}
51. Be1 {[%clk 00:01:19]} {[%emt 00:00:08]} Bf4 {[%clk 00:13:55]} {[%emt
00:00:20]} 52. Bf2 {[%clk 00:01:42]} {[%emt 00:00:07]} Ke7 {[%clk 00:13:40]}
{[%emt 00:00:45]} 53. Bh4+ {[%clk 00:02:06]} {[%emt 00:00:05]} Ke6 {[%clk
00:13:49]} {[%emt 00:00:21]} 54. Be1 {[%clk 00:02:18]} {[%emt 00:00:18]} Ra8
{[%clk 00:14:00]} {[%emt 00:00:20]} 55. Bd2 {[%emt 00:02:56]} Ra6 {[%clk
00:12:14]} 56. Rc1 {[%clk 00:02:21]} {[%emt 00:00:16]} Rab6 {[%clk 00:10:13]}
{[%emt 00:02:31]} 57. Rc2 {[%clk 00:02:32]} {[%emt 00:00:20]} Ra6 {[%clk
00:10:26]} {[%emt 00:00:17]} 58. Rc1 {[%clk 00:03:00]} {[%emt 00:00:02]} Rab6
{[%clk 00:10:52]} {[%emt 00:00:04]} 59. Rxa4 {[%clk 00:00:42]} {[%emt
00:02:48]} Rxb2 {[%clk 00:11:17]} {[%emt 00:00:05]} 60. Kd1 {[%clk 00:00:32]}
{[%emt 00:00:40]} R6b3 {[%clk 00:10:46]} {[%emt 00:01:01]} 61. Ra6+ {[%clk
00:00:54]} {[%emt 00:00:08]} Ke7 {[%clk 00:10:10]} {[%emt 00:01:06]} 62. Rc2
{[%clk 00:00:33]} {[%emt 00:00:51]} Rb1+ {[%clk 00:09:56]} {[%emt 00:00:44]} 63.
Ke2 {[%clk 00:01:02]} {[%emt 00:00:01]} Rh1 {[%clk 00:06:51]} {[%emt 00:03:35]}
64. Nf2 {[%clk 00:00:31]} {[%emt 00:01:01]} Rg1 {[%clk 00:06:31]} {[%emt
00:00:50]} 65. Bxf4 {[%clk 00:00:31]} {[%emt 00:00:30]} exf4 {[%clk 00:06:55]}
{[%emt 00:00:05]} 66. Rd2 {[%clk 00:00:33]} {[%emt 00:00:28]} Ne5 {[%clk
00:06:16]} {[%emt 00:01:09]} 67. Ra7+ {[%clk 00:00:55]} {[%emt 00:00:09]} Kf8
{[%clk 00:06:20]} {[%emt 00:00:25]} 68. Ra8+ {[%clk 00:01:00]} {[%emt
00:00:25]} Kf7 {[%clk 00:04:43]} {[%emt 00:02:07]} 69. Rda2 {[%clk 00:01:19]}
{[%emt 00:00:12]} Rgb1 {[%clk 00:04:26]} {[%emt 00:00:47]} 70. R2a7+ {[%clk
00:00:35]} {[%emt 00:01:13]} Rb7 {[%clk 00:02:55]} {[%emt 00:02:02]} 71. Rxb7+
{[%clk 00:01:04]} {[%emt 00:00:01]} Rxb7 {[%clk 00:03:21]} {[%emt 00:00:04]} 72.
Ra2 {[%clk 00:01:31]} {[%emt 00:00:02]} Rb3 {[%clk 00:01:30]} {[%emt 00:02:21]}
73. Rd2 {[%clk 00:01:47]} {[%emt 00:00:15]} Ra3 {[%clk 00:01:38]} {[%emt
00:00:22]} 74. Nh3 {[%clk 00:01:25]} {[%emt 00:00:52]} g5 {[%clk 00:02:04]}
{[%emt 00:00:04]} 75. hxg6+ {[%clk 00:01:53]} {[%emt 00:00:02]} Nxg6 {[%clk
00:02:28]} {[%emt 00:00:06]} 76. Rb2 {[%clk 00:02:19]} {[%emt 00:00:05]} Ra7
{[%clk 00:02:38]} {[%emt 00:00:19]} 77. Nf2 {[%clk 00:02:34]} {[%emt 00:00:15]}
Ne5 {[%clk 00:02:16]} {[%emt 00:00:51]} 78. Ne4 {[%clk 00:02:55]} {[%emt
00:00:09]} Nd7 {[%clk 00:02:37]} {[%emt 00:00:10]} 79. Kf2 {[%clk 00:02:29]}
{[%emt 00:00:56]} Ne5 {[%clk 00:01:16]} {[%emt 00:01:51]} 80. Rd2 {[%clk
00:02:52]} {[%emt 00:00:07]} Ra5 {[%clk 00:01:34]} {[%emt 00:00:12]} 81. Nd6+
{[%clk 00:03:12]} {[%emt 00:00:09]} Kg6 {[%clk 00:01:47]} {[%emt 00:00:17]} 82.
Nb7 {[%clk 00:02:37]} {[%emt 00:01:06]} Ra3 {[%clk 00:02:07]} {[%emt 00:00:09]}
83. Nxc5 {[%clk 00:03:04]} {[%emt 00:00:04]} h5 {[%clk 00:02:01]} {[%emt
00:00:36]} 84. gxh5+ {[%clk 00:03:27]} {[%emt 00:00:07]} Kxh5 {[%clk 00:02:28]}
{[%emt 00:00:02]} 85. Ne6 {[%clk 00:03:36]} {[%emt 00:00:21]} Kg6 {[%clk
00:01:52]} {[%emt 00:01:07]} 86. Ke2 {[%clk 00:03:16]} {[%emt 00:00:50]} Nc6
{[%clk 00:01:25]} {[%emt 00:00:55]} 87. Nxf4+ {[%clk 00:02:30]} {[%emt
00:01:17]} Kf5 {[%clk 00:01:49]} {[%emt 00:00:06]} 88. Nh3 {[%clk 00:02:49]}
{[%emt 00:00:10]} Ne5 {[%clk 00:01:47]} {[%emt 00:00:34]} 89. f4 {[%clk
00:00:34]} {[%emt 00:02:45]} Nxc4 {[%clk 00:02:05]} {[%emt 00:00:12]} 90. dxc4
{[%clk 00:01:03]} {[%emt 00:00:01]} Rxh3 {[%clk 00:02:24]} {[%emt 00:00:11]} 91.
Rxd4 {[%clk 00:01:31]} {[%emt 00:00:01]} 1-0

[Event "XLIV Memoriał Szachowy Ludwika Zamenhofa 2025, Grupa A"]
[Site "Białystok, Poland"]
[Date "2025.12.27"]
[Round "1.2"]
[White "Lecki, Leonard"]
[Black "Nasuta, Grzegorz"]
[Result "1/2-1/2"]
[TimeControl "90'+30\""]
[WhiteElo "2194"]
[BlackElo "2498"]

1. c4 {[%clk 01:30:58]} {[%emt 00:00:01]} e6 {[%clk 01:30:18]} {[%emt
00:00:42]} 2. g3 {[%clk 01:31:23]} {[%emt 00:00:05]} d5 {[%clk 01:30:43]}
{[%emt 00:00:06]} 3. Bg2 {[%clk 01:31:48]} {[%emt 00:00:05]} d4 {[%clk
01:30:52]} {[%emt 00:00:21]} 4. Nf3 {[%clk 01:31:42]} {[%emt 00:00:35]} Nc6
{[%clk 01:30:33]} {[%emt 00:00:49]} 5. O-O {[%clk 01:30:43]} {[%emt 00:01:29]}
Nh6 {[%clk 01:30:16]} {[%emt 00:00:48]} 6. d3 {[%clk 01:26:52]} {[%emt
00:04:21]} Nf5 {[%clk 01:30:23]} {[%emt 00:00:22]} 7. Na3 {[%clk 01:27:01]}
{[%emt 00:00:22]} h5 {[%clk 01:23:43]} {[%emt 00:07:09]} 8. h4 {[%clk
01:00:06]} {[%emt 00:27:25]} Be7 {[%clk 01:22:42]} {[%emt 00:01:31]} 9. Nc2
{[%clk 01:00:31]} {[%emt 00:00:05]} a5 {[%clk 01:22:33]} {[%emt 00:00:39]} 10.
Rb1 {[%clk 00:58:38]} {[%emt 00:02:24]} e5 {[%clk 01:14:41]} {[%emt 00:08:22]}
11. Re1 {[%clk 00:48:52]} {[%emt 00:10:15]} f6 {[%clk 01:10:59]} {[%emt
00:04:12]} 12. e3 {[%clk 00:43:31]} {[%emt 00:05:52]} dxe3 {[%clk 00:59:12]}
{[%emt 00:12:17]} 13. Bxe3 {[%clk 00:41:20]} {[%emt 00:02:41]} Nxe3 {[%clk
00:45:25]} {[%emt 00:14:17]} 14. Nxe3 {[%clk 00:24:46]} {[%emt 00:17:04]} Bb4
{[%clk 00:44:11]} {[%emt 00:01:43]} 15. Rf1 {[%clk 00:18:23]} {[%emt 00:06:53]}
Bc5 {[%clk 00:40:09]} {[%emt 00:04:33]} 16. Nd5 {[%clk 00:16:01]} {[%emt
00:02:52]} Bf5 {[%clk 00:30:11]} {[%emt 00:10:28]} 17. Qb3 {[%clk 00:08:53]}
{[%emt 00:07:39]} Nb4 {[%clk 00:28:58]} {[%emt 00:01:42]} 18. Nxb4 {[%clk
00:06:35]} {[%emt 00:02:47]} axb4 {[%clk 00:29:23]} {[%emt 00:00:06]} 19. Rbd1
{[%clk 00:06:51]} {[%emt 00:00:13]} c6 {[%clk 00:21:40]} {[%emt 00:08:14]} 20.
d4 {[%clk 00:03:50]} {[%emt 00:03:31]} exd4 {[%clk 00:22:00]} {[%emt 00:00:09]}
21. Rfe1+ {[%clk 00:04:16]} {[%emt 00:00:04]} Kf7 {[%clk 00:17:30]} {[%emt
00:05:01]} 22. Nxd4 {[%clk 00:01:45]} {[%emt 00:03:01]} Bxd4 {[%clk 00:02:39]}
{[%emt 00:15:20]} 23. c5+ {[%clk 00:02:11]} {[%emt 00:00:04]} Kg6 {[%clk
00:03:05]} {[%emt 00:00:04]} 24. Be4 {[%clk 00:02:37]} {[%emt 00:00:04]} Bxf2+
{[%clk 00:01:48]} {[%emt 00:01:47]} 25. Kxf2 {[%clk 00:03:01]} {[%emt
00:00:06]} Qc8 {[%clk 00:02:16]} {[%emt 00:00:02]} 26. Kg2 {[%clk 00:01:03]}
{[%emt 00:02:28]} Re8 {[%clk 00:01:47]} {[%emt 00:01:00]} 27. Bf3 {[%clk
00:01:10]} {[%emt 00:00:23]} Rxe1 {[%clk 00:00:43]} {[%emt 00:01:34]} 28. Rxe1
{[%clk 00:01:35]} {[%emt 00:00:05]} Qd7 {[%clk 00:01:10]} {[%emt 00:00:03]} 29.
Re2 {[%clk 00:01:09]} {[%emt 00:00:56]} Ra5 {[%clk 00:00:35]} {[%emt 00:01:04]}
30. Qxb4 {[%clk 00:00:53]} {[%emt 00:00:46]} Rxa2 {[%clk 00:01:01]} {[%emt
00:00:05]} 31. Qf4 {[%clk 00:00:57]} {[%emt 00:00:26]} Ra8 {[%clk 00:00:33]}
{[%emt 00:00:58]} 32. Rd2 {[%clk 00:01:19]} {[%emt 00:00:08]} Qc8 {[%clk
00:00:34]} {[%emt 00:00:29]} 33. Rd6 {[%clk 00:01:32]} {[%emt 00:00:17]} Bg4
{[%clk 00:00:38]} {[%emt 00:00:25]} 34. Be4+ {[%clk 00:01:53]} {[%emt
00:00:09]} Kf7 {[%clk 00:01:04]} {[%emt 00:00:04]} 35. Bd3 {[%clk 00:01:56]}
{[%emt 00:00:27]} Kf8 {[%clk 00:00:32]} {[%emt 00:01:02]} 36. Bg6 {[%clk
00:01:04]} {[%emt 00:01:21]} Kg8 {[%clk 00:00:32]} {[%emt 00:00:30]} 37. Qc4+
{[%clk 00:00:33]} {[%emt 00:01:02]} 1/2-1/2

[Event "XLIV Memoriał Szachowy Ludwika Zamenhofa 2025, Grupa A"]
[Site "Białystok, Poland"]
[Date "2025.12.27"]
[Round "1.3"]
[White "Markowski, Tomasz"]
[Black "Korszanski, Stanislaw"]
[Result "1-0"]
[TimeControl "90'+30\""]
[WhiteElo "2491"]
[BlackElo "2187"]

1. g3 {[%clk 01:30:56]} {[%emt 00:00:03]} Nf6 {[%clk 01:30:35]} {[%emt
00:00:26]} 2. Bg2 {[%clk 01:31:22]} {[%emt 00:00:04]} d5 {[%clk 01:30:38]}
{[%emt 00:00:27]} 3. Nf3 {[%clk 01:31:47]} {[%emt 00:00:05]} g6 {[%clk
01:31:02]} {[%emt 00:00:06]} 4. c4 {[%clk 01:31:17]} {[%emt 00:01:01]} dxc4
{[%clk 01:31:26]} {[%emt 00:00:05]} 5. Qa4+ {[%clk 01:30:55]} {[%emt 00:00:52]}
c6 {[%clk 01:31:08]} {[%emt 00:00:48]} 6. Qxc4 {[%clk 01:31:20]} {[%emt
00:00:05]} Bg7 {[%clk 01:31:03]} {[%emt 00:00:35]} 7. O-O {[%clk 01:31:34]}
{[%emt 00:00:16]} O-O {[%clk 01:31:06]} {[%emt 00:00:27]} 8. d3 {[%clk
01:31:54]} {[%emt 00:00:11]} Nbd7 {[%clk 01:24:04]} {[%emt 00:07:31]} 9. Nc3
{[%clk 01:29:21]} {[%emt 00:03:04]} Nb6 {[%clk 01:22:34]} {[%emt 00:02:00]} 10.
Qh4 {[%clk 01:28:05]} {[%emt 00:01:46]} Nbd5 {[%clk 01:11:28]} {[%emt
00:11:36]} 11. Bh6 {[%clk 01:26:25]} {[%emt 00:02:09]} Bxh6 {[%clk 01:04:41]}
{[%emt 00:07:17]} 12. Qxh6 {[%clk 01:26:49]} {[%emt 00:00:06]} Bg4 {[%clk
01:05:00]} {[%emt 00:00:11]} 13. Rfe1 {[%clk 01:22:48]} {[%emt 00:04:32]} Bxf3
{[%clk 01:02:29]} {[%emt 00:03:01]} 14. Bxf3 {[%clk 01:23:11]} {[%emt
00:00:07]} Qb6 {[%clk 00:57:41]} {[%emt 00:05:18]} 15. Rab1 {[%clk 01:21:48]}
{[%emt 00:01:52]} Rfd8 {[%clk 00:55:13]} {[%emt 00:02:57]} 16. Rec1 {[%clk
01:19:26]} {[%emt 00:02:53]} Rac8 {[%clk 00:52:56]} {[%emt 00:02:47]} 17. Na4
{[%clk 01:11:13]} {[%emt 00:08:43]} Qc7 {[%clk 00:44:45]} {[%emt 00:08:41]} 18.
b4 {[%clk 01:10:10]} {[%emt 00:01:34]} a6 {[%clk 00:40:51]} {[%emt 00:04:24]}
19. a3 {[%clk 01:09:45]} {[%emt 00:00:54]} e6 {[%clk 00:33:25]} {[%emt
00:07:55]} 20. Nc5 {[%clk 01:08:40]} {[%emt 00:01:36]} Nd7 {[%clk 00:28:43]}
{[%emt 00:05:12]} 21. Ne4 {[%clk 01:05:29]} {[%emt 00:03:41]} N5f6 {[%clk
00:27:58]} {[%emt 00:01:15]} 22. Nc5 {[%clk 00:59:42]} {[%emt 00:06:17]} Ne5
{[%clk 00:26:28]} {[%emt 00:02:00]} 23. Bg2 {[%clk 00:58:30]} {[%emt 00:01:42]}
Neg4 {[%clk 00:22:33]} {[%emt 00:04:26]} 24. Qd2 {[%clk 00:57:12]} {[%emt
00:01:47]} h5 {[%clk 00:20:13]} {[%emt 00:02:51]} 25. h3 {[%clk 00:54:50]}
{[%emt 00:02:52]} Ne5 {[%clk 00:20:41]} {[%emt 00:00:02]} 26. Qf4 {[%clk
00:49:35]} {[%emt 00:05:44]} Ned7 {[%clk 00:20:20]} {[%emt 00:00:52]} 27. Qh6
{[%clk 00:48:38]} {[%emt 00:01:26]} Nxc5 {[%clk 00:20:01]} {[%emt 00:00:50]} 28.
bxc5 {[%clk 00:47:59]} {[%emt 00:01:09]} Rd4 {[%clk 00:17:42]} {[%emt
00:02:48]} 29. Rb3 {[%clk 00:45:30]} {[%emt 00:03:00]} Ra4 {[%clk 00:17:12]}
{[%emt 00:01:00]} 30. Rcb1 {[%clk 00:42:33]} {[%emt 00:03:27]} Rb8 {[%clk
00:17:30]} {[%emt 00:00:11]} 31. Qc1 {[%clk 00:37:08]} {[%emt 00:05:57]} Ra5
{[%clk 00:16:37]} {[%emt 00:01:22]} 32. Qc3 {[%clk 00:27:07]} {[%emt 00:10:31]}
Nd5 {[%clk 00:16:05]} {[%emt 00:01:02]} 33. Bxd5 {[%clk 00:26:50]} {[%emt
00:00:48]} exd5 {[%clk 00:14:41]} {[%emt 00:01:54]} 34. Rxb7 {[%clk 00:26:57]}
{[%emt 00:00:23]} Rxb7 {[%clk 00:14:59]} {[%emt 00:00:13]} 35. Rxb7 {[%clk
00:27:26]} {[%emt 00:00:01]} Qxb7 {[%clk 00:14:39]} {[%emt 00:00:50]} 36. Qxa5
{[%clk 00:27:54]} {[%emt 00:00:02]} Qc8 {[%clk 00:11:54]} {[%emt 00:03:14]} 37.
Kg2 {[%clk 00:27:41]} {[%emt 00:00:43]} Qe6 {[%clk 00:09:40]} {[%emt 00:02:44]}
38. Qxa6 {[%clk 00:21:16]} {[%emt 00:06:56]} Qxe2 {[%clk 00:10:02]} {[%emt
00:00:07]} 39. Qxc6 {[%clk 00:21:24]} {[%emt 00:00:23]} Qxd3 {[%clk 00:10:17]}
{[%emt 00:00:14]} 40. Qe8+ {[%clk 00:21:30]} {[%emt 00:00:23]} Kg7 {[%clk
00:10:27]} {[%emt 00:00:21]} 41. Qe5+ {[%clk 00:18:34]} {[%emt 00:03:25]} Kh7
{[%clk 00:10:48]} {[%emt 00:00:10]} 42. Qf6 {[%clk 00:15:34]} {[%emt 00:03:23]}
Qe4+ {[%clk 00:09:56]} {[%emt 00:01:29]} 43. Kh2 {[%emt 00:01:06]} Qe8 {[%clk
00:09:41]} 44. h4 {[%clk 00:15:33]} {[%emt 00:00:40]} Qd7 {[%clk 00:08:49]}
{[%emt 00:01:22]} 45. Kg2 {[%clk 00:13:19]} {[%emt 00:02:44]} d4 {[%clk
00:04:20]} {[%emt 00:05:00]} 46. Qd6 {[%clk 00:13:31]} {[%emt 00:00:17]} Qg4
{[%clk 00:04:43]} {[%emt 00:00:07]} 47. Qd5 {[%clk 00:12:42]} {[%emt 00:01:18]}
Kg8 {[%clk 00:04:30]} {[%emt 00:00:44]} 48. c6 {[%clk 00:11:08]} {[%emt
00:02:04]} d3 {[%clk 00:03:35]} {[%emt 00:01:25]} 49. Qxd3 {[%clk 00:10:29]}
{[%emt 00:01:09]} Qe6 {[%clk 00:03:59]} {[%emt 00:00:06]} 50. Qf3 {[%clk
00:10:25]} {[%emt 00:00:32]} Qd6 {[%clk 00:04:19]} {[%emt 00:00:13]} 51. Qc3
{[%clk 00:08:58]} {[%emt 00:01:56]} Qd5+ {[%clk 00:04:40]} {[%emt 00:00:09]} 52.
Kg1 {[%clk 00:08:48]} {[%emt 00:00:39]} Qd1+ {[%clk 00:05:03]} {[%emt
00:00:08]} 53. Kh2 {[%clk 00:09:12]} {[%emt 00:00:05]} Qe2 {[%clk 00:05:17]}
{[%emt 00:00:16]} 54. Qc5 {[%clk 00:09:30]} {[%emt 00:00:12]} 1-0

[Event "XLIV Memoriał Szachowy Ludwika Zamenhofa 2025, Grupa A"]
[Site "Białystok, Poland"]
[Date "2025.12.27"]
[Round "1.4"]
[White "Kulig, Pawel"]
[Black "Mayorau, Mikita"]
[Result "1/2-1/2"]
[TimeControl "90'+30\""]
[WhiteElo "2172"]
[BlackElo "2472"]

1. e4 {[%clk 01:30:58]} {[%emt 00:00:02]} e6 {[%clk 01:30:55]} {[%emt
00:00:06]} 2. d4 {[%clk 01:31:09]} {[%emt 00:00:19]} d5 {[%clk 01:31:20]}
{[%emt 00:00:04]} 3. e5 {[%clk 01:31:04]} {[%emt 00:00:35]} c5 {[%clk
01:31:46]} {[%emt 00:00:05]} 4. c3 {[%clk 01:31:28]} {[%emt 00:00:05]} Nc6
{[%clk 01:32:06]} {[%emt 00:00:10]} 5. Nf3 {[%clk 01:31:48]} {[%emt 00:00:10]}
Qb6 {[%clk 01:32:30]} {[%emt 00:00:06]} 6. a3 {[%clk 01:29:07]} {[%emt
00:03:11]} c4 {[%clk 01:32:29]} {[%emt 00:00:31]} 7. Nbd2 {[%clk 01:24:16]}
{[%emt 00:05:21]} Na5 {[%clk 01:32:21]} {[%emt 00:00:39]} 8. Rb1 {[%clk
01:24:11]} {[%emt 00:00:34]} Bd7 {[%clk 01:32:23]} {[%emt 00:00:29]} 9. b4
{[%clk 01:12:11]} {[%emt 00:12:30]} cxb3 {[%clk 01:32:44]} {[%emt 00:00:09]} 10.
Nxb3 {[%clk 01:12:18]} {[%emt 00:00:22]} Ba4 {[%clk 01:19:10]} {[%emt
00:14:05]} 11. Nxa5 {[%clk 00:57:40]} {[%emt 00:15:08]} Bxd1 {[%clk 00:54:23]}
{[%emt 00:25:16]} 12. Rxb6 {[%clk 00:55:59]} axb6 {[%clk 00:54:49]} {[%emt
00:02:15]} 13. Bb5+ {[%clk 00:55:01]} {[%emt 00:01:28]} Ke7 {[%clk 00:55:13]}
{[%emt 00:00:06]} 14. Kxd1 {[%clk 00:55:19]} {[%emt 00:00:12]} Rxa5 {[%clk
00:55:14]} {[%emt 00:00:29]} 15. a4 {[%clk 00:55:38]} {[%emt 00:00:12]} Kd8
{[%clk 00:50:47]} {[%emt 00:04:56]} 16. Ng5 {[%clk 00:41:16]} {[%emt 00:14:52]}
Nh6 {[%clk 00:51:08]} {[%emt 00:00:09]} 17. Ke2 {[%clk 00:32:36]} {[%emt
00:09:10]} Be7 {[%clk 00:50:51]} {[%emt 00:00:47]} 18. Bd2 {[%clk 00:32:39]}
{[%emt 00:00:28]} Kc7 {[%clk 00:44:17]} {[%emt 00:07:04]} 19. Rc1 {[%clk
00:31:15]} {[%emt 00:01:53]} Kb8 {[%clk 00:35:08]} {[%emt 00:09:38]} 20. h3
{[%clk 00:28:58]} {[%emt 00:02:48]} Bxg5 {[%clk 00:30:41]} {[%emt 00:04:58]} 21.
Bxg5 {[%clk 00:29:19]} {[%emt 00:00:08]} Nf5 {[%clk 00:31:00]} {[%emt
00:00:12]} 22. g4 {[%clk 00:19:34]} {[%emt 00:10:15]} h6 {[%clk 00:31:23]}
{[%emt 00:00:07]} 23. gxf5 {[%clk 00:15:45]} {[%emt 00:04:19]} hxg5 {[%clk
00:31:45]} {[%emt 00:00:06]} 24. fxe6 {[%clk 00:15:36]} {[%emt 00:00:40]} fxe6
{[%clk 00:32:10]} {[%emt 00:00:05]} 25. Rg1 {[%clk 00:15:32]} {[%emt 00:00:34]}
Rh5 {[%clk 00:28:26]} {[%emt 00:04:15]} 26. Rg3 {[%clk 00:13:24]} {[%emt
00:02:37]} Ra8 {[%clk 00:22:13]} {[%emt 00:06:43]} 27. Be8 {[%clk 00:12:16]}
{[%emt 00:01:38]} Rh6 {[%clk 00:17:50]} {[%emt 00:04:54]} 28. Rxg5 {[%clk
00:11:53]} {[%emt 00:00:53]} Ka7 {[%clk 00:18:11]} {[%emt 00:00:08]} 29. Bd7
{[%clk 00:11:13]} {[%emt 00:01:10]} Rg8 {[%clk 00:17:16]} {[%emt 00:01:25]} 30.
f4 {[%clk 00:09:28]} {[%emt 00:02:15]} b5 {[%clk 00:15:08]} {[%emt 00:02:38]}
31. axb5 {[%clk 00:08:43]} {[%emt 00:01:15]} Kb6 {[%clk 00:14:37]} {[%emt
00:01:02]} 32. f5 {[%clk 00:08:10]} {[%emt 00:01:03]} exf5 {[%clk 00:14:51]}
{[%emt 00:00:14]} 33. Bxf5 {[%clk 00:07:29]} {[%emt 00:01:12]} Kxb5 {[%clk
00:09:53]} {[%emt 00:05:29]} 34. e6 {[%clk 00:06:26]} {[%emt 00:01:32]} Kc6
{[%clk 00:09:26]} {[%emt 00:00:57]} 35. Bg4 {[%clk 00:03:48]} {[%emt 00:03:08]}
Kd6 {[%clk 00:09:19]} {[%emt 00:00:37]} 36. Kd3 {[%clk 00:03:44]} {[%emt
00:00:34]} Rf6 {[%clk 00:08:57]} {[%emt 00:00:52]} 37. c4 {[%clk 00:03:13]}
{[%emt 00:01:02]} dxc4+ {[%clk 00:09:19]} {[%emt 00:00:07]} 38. Kxc4 {[%clk
00:03:39]} {[%emt 00:00:04]} Rc8+ {[%clk 00:08:49]} {[%emt 00:01:00]} 39. Kd3
{[%clk 00:03:55]} {[%emt 00:00:15]} Rxe6 {[%clk 00:02:24]} {[%emt 00:06:55]} 40.
Bxe6 {[%clk 00:03:32]} {[%emt 00:00:52]} Kxe6 {[%clk 00:02:50]} {[%emt
00:00:04]} 41. Rxg7 {[%clk 00:03:56]} {[%emt 00:00:06]} Rh8 {[%clk 00:03:14]}
{[%emt 00:00:06]} 42. Rxb7 {[%clk 00:02:53]} {[%emt 00:01:34]} Rxh3+ {[%clk
00:03:37]} {[%emt 00:00:06]} 43. Kc4 {[%clk 00:03:20]} {[%emt 00:00:02]} Kd6
{[%clk 00:03:56]} {[%emt 00:00:11]} 44. Rb6+ {[%clk 00:03:42]} {[%emt
00:00:09]} Kc7 {[%clk 00:04:16]} {[%emt 00:00:09]} 45. Rg6 {[%clk 00:03:47]}
{[%emt 00:00:25]} 1/2-1/2